000
00271nam a2200109Ia 4500
001
1276111
005
20260417160441.0
008
260417s9999 xx 000 0 und d
020
_a
9786255888136
245
0
_a
Rüya Kapanı
_c
Denizhan Yakupoğlu
260
_b
Ketebe Genç
999
_c
1276111
_d
1276111